000
00249nam a2200097Ia 4500
001
793336
005
20250826170647.0
008
250824s9999 xx 000 0 und d
245
0
_a
BENİ SUSARKEN BÖLME
_c
KAHRAMAN TAZEOĞLU
260
_b
DESTEK YAYINLARI
999
_c
793336
_d
793336